| 000 | 01231nam0a22003131 4500 | ||
|---|---|---|---|
| 001 | rc\3517494 | ||
| 005 | 20250610031033.0 | ||
| 021 |
_aRU _b[71-70039] |
||
| 035 | _a(NLR Aleph) 007660074 | ||
| 090 |
_a6322115 _c6322115 |
||
| 100 | _a20130115d1971 |||y0rusy50 ca | ||
| 101 | 0 | _arus | |
| 102 | _aRU | ||
| 105 | _aa z |||a| | ||
| 200 | 1 |
_aЯ - "Голос" _eПриключ. повесть _f[Лит. запись Б. Хандроса |
|
| 210 |
_aМосква] _cМол. гвардия _d1971 |
||
| 215 |
_a207 с., 8 л. ил. _d16 |
||
| 225 | 1 | _aЧесть. Отвага. Мужество | |
| 532 | 1 | 3 | _aЯ - Голос |
| 606 |
_aПартизанское движение во второй мировой войне 1939-1945 гг. _yПольша (х. л.) _2psbo |
||
| 606 |
_aСоветско-польские отношения (х. л.) _2psbo |
||
| 606 |
_aРазведчики в Великой Отечественной войне 1941-1945 гг. (х. л.) _2psbo |
||
| 700 | 1 |
_aБерезняк _bЕ.С. _gЕвгений Степанович |
|
| 702 | 1 |
_aХандрос _bБ. _gБорис _4570 |
|
| 801 | 0 |
_aRU _bNLR _gpsbo |
|
| 801 | 1 |
_aRU _bELAR _2rusmarc |
|
| 852 |
_aNLR _j71-2/1938 |
||
| 942 | _cBOOK | ||
| 980 | _aNB | ||